| 000 | 005130000a22001930004500 | ||
|---|---|---|---|
| 003 | LK-CoMWRAF | ||
| 005 | 20231120132044.0 | ||
| 008 | 230817t2000 ||||| |||| 00| 0 eng d | ||
| 020 | _a8174352325 | ||
| 040 |
_aLK-CoMWRAF _dLK-CoMWRAF _eLK-CoMWRAF |
||
| 041 | _aeng | ||
| 082 |
_a297.63 _bAHM |
||
| 100 | _aAhmed, Gulzar | ||
| 245 | _aMuhammad and his constitutional charter | ||
| 260 |
_aNew Delhi: _bAdam, _c2000 |
||
| 300 |
_a328 p. _bBibliography included |
||
| 650 | _aConstitution of Medina | ||
| 942 | _cBK | ||
| 999 |
_c981 _d981 |
||